00354nam a2200085Ia 4500008004100000100002500041245013500066260005300201300001400254180205s9999 xx 000 0 und d aFlorendo, Joselita G aTeaching guide for senior high school fundamentals of accountancy business, and management 1 :bspecialized subject/ academic-stem aQuezon CitybCommision on higher educationc2016 a172 pages